1895 1582 1350 1555 1518 1988 1502 1688 1092 1733 1463 1170 1317 1907 1078 1146 1270 1593 1486 1984 1729 1790 1034 1582 1192 1912 1312 1667 1993 1857 1020 1042 1730 1911 1784 1220 1865 1743 1486 1026 1639 1334 1019 1580 1574 1081 1439 1885 1760 1385 1689 1055 1615 1452 1122 1781 1415 1712 1115 1446 1729 1284 1653 1337 1965 1956 1327 1206 1809 1043 1135 1692 1939 1987 1697 1744 1962 1594 1196 1025 1654 1814 1993 1923 1677 1733 1791 1364 1829 1783 1783 1953 1554 1358 1478 1911 1365 1111 1743 BCNSPRNW ULIB Ver.6.0+V

เปลี่ยนเป็นภาษาไทย

Change to English
 แสดงรายละเอียดบรรณานุกรม
  กลับหน้าหลัก

Brief Record : Get Marc (ISO 2709) : E-mail record : QR code < ปิดหน้าต่าง
LEADER : 00000nam 2200000uu 4500
001    13399112457
003     ULIB
008    110816s2545||||th 000 0 tha d
020    9742948135
050 04 HN700.35.A8^bอ795 2545
100 0  อุทิศ จิตเงิน
245 00 เอกสารวิชาการชุด คิดไป ทำไป เรียนรู้ไป ชุมชนรู้ตนเอง /^cอุทิศ จิตเงิน
250    พิมพ์ครั้งที่ 1
260    นครสวรรค์ :^bสี่แควการพิมพ์,^c2545
300    79 หน้า :^bภาพประกอบ ;^c21 ซม.
650  4 ชุมชน
650  4 สาธารณสุขชุมชน
710 2  ศูนย์ฝึกอบรมและพัฒนาการสาธารณสุขมูลฐานภาคเหนือ นครสวรรค์
710 2  โรงพยาบาลสวรรค์ประชารักษ์^bศูนย์แพทย์ชุมชนเมืองวัดไทรใต้
945    ^p0^l0^i015723
945    ^p0^l0^i015724
995    ทศพร
999 ^a ทศพร
รายการนี้ยังไม่มีแท็ก
คุณยังไม่ได้ล็อกอิน คุณสามารถมีกิจกรรมร่วมกับเว็บไซต์ได้ แต่ต้องล็อกอินก่อน ::
  ล็อกอิน

รายการสื่อสารสนเทศ

ลำดับที่ ประเภท เลขเรียก/บาร์โค้ด สถานที่ สถานะ
- ไม่พบข้อมูล -

รายการใกล้เคียง
    หัวเรื่อง [ชุมชน]
    หัวเรื่อง [สาธารณสุขชุมชน]

BibComment


ยังไม่เคยถูกคอมเมนท์

คอมเมนท์ทรัพยากรรายการนี้
  คอมเมนท์: เอกสารวิชาการชุด ..


 Copyright 2026. Bcnsprnw @Library